[Event "New Delhi Parsvnath op 10th"]
[Site "New Delhi"]
[Date "2012.01.23"]
[Round "11"]
[White "Jayesh, Mirani"]
[Black "Chandika, Divyasree"]
[Result "1-0"]
[WhiteElo "1758"]
[BlackElo "2160"]
[PlyCount "55"]
[EventDate "2012.01.15"]
[EventType "swiss"]
[EventRounds "11"]
[EventCountry "IND"]
[SourceTitle "CBM 146 Extra"]
[Source "ChessBase"]
[SourceDate "2012.02.29"]
[SourceVersion "1"]
[SourceVersionDate "2012.02.29"]
[SourceQuality "1"]

1. e4 e5 2. Nf3 Nc6 3. Bc4 Nf6 4. d4 exd4 5. e5 Ng4 6. 0-0 d6 7. exd6 Qxd6 8. Re1+ Be7 9. Bg5 f6 10. Bh4 Bd7 11. Bg3 Qc5 12. Bd3 0-0-0 13. Nbd2 Nge5 14. Nb3 Nxf3+ 15. Qxf3 Qg5 16. Be4 Bb4 17. Red1 Bg4 18. Qd3 Bxd1 19. Rxd1 Ne7 20. Qc4 Bd6 21. Qe6+ Kb8 22. Bxd6 Rxd6 23. Qxe7 Qh5 24. Bf3 Qg6 25. Qe2 Rhd8 26. Nc5 c6 27. Qe7 Qe8 28. Qxb7# 1-0

[Event "New Delhi Parsvnath op 10th"]
[Site "New Delhi"]
[Date "2012.01.15"]
[Round "1"]
[White "Neelotpal, Das"]
[Black "Jayesh, Mirani"]
[Result "1-0"]
[WhiteElo "2471"]
[BlackElo "1758"]
[PlyCount "61"]
[EventDate "2012.01.15"]
[EventType "swiss"]
[EventRounds "11"]
[EventCountry "IND"]
[SourceTitle "CBM 146 Extra"]
[Source "ChessBase"]
[SourceDate "2012.02.29"]
[SourceVersion "1"]
[SourceVersionDate "2012.02.29"]
[SourceQuality "1"]

1. d4 Nf6 2. c4 g6 3. Nc3 Bg7 4. e4 d6 5. f3 0-0 6. Nge2 c5 7. d5 e6 8. Ng3 exd5 9. cxd5 Bd7 10. a4 Na6 11. Be2 Nc7 12. Bf4 Nfe8 13. Qd2 a6 14. Bg5 f6 15. Bh6 b5 16. 0-0 b4 17. Nd1 Qe7 18. Bxg7 Qxg7 19. Ne3 Qh6 20. f4 Rd8 21. Bc4 Kh8 22. b3 Ng7 23. Qb2 Rde8 24. Bd3 f5 25. Nc4 fxe4 26. Bxe4 Rxf4 27. Rxf4 Qxf4 28. Rf1 Qh6 29. Nxd6 Qe3+ 30. Kh1 Rb8 31. Qf6 1-0

[Event "Chennai op 2nd"]
[Site "Chennai"]
[Date "2010.01.29"]
[Round "6"]
[White "Jayesh, Mirani"]
[Black "Palit, Somak"]
[Result "0-1"]
[WhiteElo "1651"]
[BlackElo "2386"]
[PlyCount "84"]
[EventDate "2010.01.25"]
[EventType "swiss"]
[EventRounds "11"]
[EventCountry "IND"]
[SourceTitle "CBM 134 Extra"]
[Source "ChessBase"]
[SourceDate "2010.03.03"]
[SourceVersion "1"]
[SourceVersionDate "2010.03.03"]
[SourceQuality "1"]

1. e4 b6 2. d4 Bb7 3. Nc3 e6 4. a3 d6 5. Nf3 Nd7 6. Bd3 g6 7. 0-0 Bg7 8. Bf4 Ne7 9. Qd2 0-0 10. Bh6 a6 11. Bc4 b5 12. Bb3 c5 13. Bxg7 Kxg7 14. dxc5 Nxc5 15. Rfd1 Nxb3 16. cxb3 Nc8 17. Qf4 Qf6 18. Qe3 Rd8 19. e5 Qe7 20. Ne4 Bxe4 21. Qxe4 Ra7 22. exd6 Nxd6 23. Qd4+ f6 24. Re1 Nf5 25. Qb6 Rd6 26. Qa5 e5 27. a4 Rb7 28. g4 Nd4 29. Nxd4 Rxd4 30. Qxa6 Rxg4+ 31. Kh1 bxa4 32. Qe2 Qd7 33. f3 Rd4 34. bxa4 Rd2 35. Rad1 Rbxb2 36. a5 Qd4 37. Rxd2 Rxd2 38. Qf1 Qb2 39. Qg1 Qa3 40. Qa7+ Kh6 41. Rf1 Qa2 42. Qg1 Qxa5 0-1

[Event "Chennai op 2nd"]
[Site "Chennai"]
[Date "2010.01.28"]
[Round "5"]
[White "Joshi, GB."]
[Black "Jayesh, Mirani"]
[Result "0-1"]
[WhiteElo "2272"]
[BlackElo "1651"]
[PlyCount "64"]
[EventDate "2010.01.25"]
[EventType "swiss"]
[EventRounds "11"]
[EventCountry "IND"]
[SourceTitle "CBM 134 Extra"]
[Source "ChessBase"]
[SourceDate "2010.03.03"]
[SourceVersion "1"]
[SourceVersionDate "2010.03.03"]
[SourceQuality "1"]

1. e4 e6 2. d4 d5 3. Nd2 Nf6 4. e5 Nfd7 5. f4 c5 6. c3 Nc6 7. Ndf3 Qb6 8. a3 cxd4 9. cxd4 Be7 10. h4 f6 11. Bd3 fxe5 12. fxe5 0-0 13. b4 a6 14. Bb2 Rf7 15. Ne2 Nf8 16. Qd2 Bd7 17. h5 Na7 18. Rb1 Bb5 19. Bc2 Bxe2 20. Kxe2 Nd7 21. Bd3 Raf8 22. Rhf1 Nc6 23. Bc3 Kh8 24. Bc2 Qb5+ 25. Bd3 Qb6 26. Qe3 Na7 27. a4 Qc6 28. Bc2 Nb6 29. Qd3 Qc4 30. Bb3 Qxd3+ 31. Kxd3 Rf5 32. a5 Nd7 0-1

[Event "Asia-ch U20"]
[Site "Chennai"]
[Date "2008.12.08"]
[Round "3"]
[White "Kavinda, Akila"]
[Black "Jayesh, Mirani"]
[Result "1-0"]
[WhiteElo "1984"]
[BlackElo "1567"]
[PlyCount "89"]
[EventDate "2008.12.05"]
[EventType "swiss"]
[EventRounds "9"]
[EventCountry "IND"]
[SourceTitle "CBM 127 Extra"]
[Source "ChessBase"]
[SourceDate "2009.01.08"]
[SourceVersion "2"]
[SourceVersionDate "2009.01.28"]
[SourceQuality "1"]

1. Nf3 Nf6 2. c4 g6 3. Nc3 Bg7 4. d4 0-0 5. e4 d6 6. Be2 e5 7. 0-0 Nc6 8. d5 Ne7 9. b4 Nh5 10. Re1 Nf4 11. Bf1 Qd7 12. Be3 Qg4 13. Nd2 Qg5 14. g3 Bh3 15. Rc1 f5 16. Bxf4 exf4 17. Bxh3 fxg3 18. fxg3 f4 19. Nf3 Qh6 20. Be6+ Kh8 21. g4 g5 22. Kg2 Ng6 23. Rf1 Ne5 24. Nxe5 Bxe5 25. Qf3 Qg7 26. Rh1 Bd4 27. Ne2 Be3 28. Rb1 Rf6 29. h4 Raf8 30. hxg5 Qxg5 31. Rh5 Qg7 32. Bf5 h6 33. Nxf4 Bxf4 34. Qxf4 Rg6 35. Rbh1 Qb2+ 36. Kg3 Qc3+ 37. Qf3 Qe5+ 38. Kh3 Qd4 39. Rc1 Qb2 40. Qc3+ Qxc3+ 41. Rxc3 Rg5 42. Rxh6+ Kg8 43. Kh4 Rgxf5 44. exf5 Kg7 45. Kg5 1-0